Feyenoord Squad 2001-2002 - Statistics

General Stats
  • This quiz has been taken 3 times
  • The average score is 9 of 30
Answer Stats
# Position Nation Player % Correct
10 FW Denmark Jon Dahl Tomasson
100%
7 FW Ivory Coast Bonaventure Kalou
67%
2 DF Ghana Christian Gyan
67%
9 FW Netherlands Pierre van Hooijdonk
67%
32 FW Netherlands Robin van Persie
67%
14 MF Japan Shinji Ono
67%
- Coach Netherlands Bert van Marwijk
33%
23 MF Australia Brett Emerton
33%
31 GK Netherlands Carlo l'Ami
33%
16 FW Poland Ebi Smolarek
33%
1 GK Netherlands Edwin Zoetebier
33%
30 GK Netherlands Henk Timmer
33%
11 FW Netherlands Leonardo
33%
24 DF Brazil Leonardo
33%
4 DF Chile Mauricio Aros
33%
17 DF Netherlands Patrick Paauwe
33%
6 MF Netherlands Paul Bosvelt
33%
26 DF Belgium Pieter Collen
33%
3 DF Poland Tomasz Rząsa
33%
28 DF Curaçao Civard Sprockel
0%
20 DF Netherlands Ferry de Haan
0%
27 DF Netherlands Glenn Loovens
0%
18 FW Russia Igor Korneev
0%
19 MF Netherlands Jan de Visser
0%
5 MF Netherlands Jean-Paul van Gastel
0%
15 FW Sweden Johan Elmander
0%
8 DF Netherlands Kees van Wonderen
0%
25 DF Netherlands Ramon van Haaren
0%
29 MF Netherlands Saïd Boutahar
0%
22 DF Netherlands Ulrich van Gobbel
0%
No matching quizzes found
Score Distribution
Percent of People with Each Score
Percentile by Number Answered
Your Score History
You have not taken this quiz